Prevence úrazů v kopané

Podrobná bibliografia
Hlavný autor: Nápravník, Čestmír (Autor)
Médium: Článok
Jazyk:čeština
Fyzický popis:Grafy 2.
Predmet:

MARC

LEADER 00000nab a2200000 a 4500
001 vtls000076370
003 SK-MaSNL
005 20260303173728.0
008 220422c1980 xo 0 cze
015 |a SNBRB19rr/mm-uuuuu 
035 |a CL0086471 
040 |a SNKBUCL  |b slo  |c SNKBUCL  |e AACR2 
041 0 |a cze 
044 |a xo  |c SK 
080 |a 796.333  |2 1981 
080 |a 614.82  |2 1981 
100 1 |a Nápravník, Čestmír  |4 aut  |9 678554 
245 1 0 |a Prevence úrazů v kopané  |c Čestmír Nápravník 
300 |b Grafy 2. 
650 0 7 |a futbal  |2 SNKPH  |9 3291 
650 0 7 |a športové úrazy  |2 SNKPH  |9 93075 
650 0 7 |a úrazová prevencia  |2 SNKPH  |9 1301 
655 7 |a články z novín a časopisov  |2 SNK  |9 267496 
773 0 |t Tréner  |g Roč. 24, č. 12 (1980), s. 15-16 
850 |a Slovenská národná knižnica v Martine  |a MTA001 
852 |a SNK  |b KIS3GCP 
958 |a RK 
958 |a ME 
958 |a CZ 
992 |a RBX 
999 |c 2093638  |d 2095568